| 000 | 00901nam a22002417a 4500 | ||
|---|---|---|---|
| 001 | 80332 | ||
| 003 | BD-RjUL | ||
| 005 | 20230531120807.0 | ||
| 008 | 220912s2000 bg a|||| m||| 00| 0 eng d | ||
| 035 | _a(BD-RjUL)80332 | ||
| 040 |
_aBD-RjUL _beng _cBD-RjUL _dBD-RjUL |
||
| 041 | _aeng | ||
| 082 |
_223 _a571.66 _bDAS 2000 |
||
| 100 |
_aDas, Susanta Kumar _94724 |
||
| 245 | 1 | 0 |
_aA Study of the effect of Alpha-Nucleus potential on Alpha-Induced transfer reactions in the sd-Shell / _cBy Susanta Kumar Das ; _6Supervisor : Arun Kumar Basak |
| 260 |
_aRajshahi : _bDepartment of Physics, University of Rajshahi, _c2000 |
||
| 300 |
_axvii, 249 leaves : _bill, ; _c29.cm. |
||
| 502 | _aThesis (Ph. D.) -- Department of Physics, University of Rajshahi, 2000. | ||
| 504 | _aReferences : Leaves 242 - 249 | ||
| 650 |
_aNucleus _94725 |
||
| 700 |
_aBasak, Arun, Kumar, Supervisor _94726 |
||
| 942 |
_2ddc _cTHE |
||
| 999 |
_c80332 _d80332 |
||